| 000 | 01132nam a22003257a 4500 | ||
|---|---|---|---|
| 003 | CHAP | ||
| 005 | 20220329134630.0 | ||
| 008 | 971013s1959 r 00010 d | ||
| 010 | _a23311 | ||
| 011 | _a24283 | ||
| 035 | _a28382 | ||
| 040 | _cCHAP | ||
| 090 | _aFolleto 4082 | ||
| 100 | 0 | 0 |
_aChaverri R., Gil. _922059 |
| 245 | _aSíntomas de deficiencias de los elementos fósforo, calcio, azufre y hierro en el cafeto producidos en invernadero | ||
| 260 |
_aSan José, C.R. : _bLaboratorio Químico de Investigaciones Agronómicas, _c1959 |
||
| 300 |
_a14 p. _b; láms |
||
| 490 |
_aInformación técnica _v; 8 |
||
| 590 |
_aBATCH-UPD _b10 _c20130110 _lUCH01 _h0853 |
||
| 590 |
_aBATCH-UPD _b10 _c20130410 _lUCH01 _h0525 |
||
| 590 |
_aBATCH-UPD _b10 _c20130914 _lUCH01 _h0808 |
||
| 590 |
_aCONVERSION _b10 _c20130109 _lUCH01 _h1314 |
||
| 650 | 1 | 4 |
_aCafé _xElementos minerales. _917134 |
| 650 | 1 | 4 |
_aCafé _xEnfermedades. _917136 |
| 650 | 1 | 4 |
_aPlantas _xDeficiencias nutritivas. _988812 |
| 830 | 0 |
_aInformación técnica _v; 8 _958093 |
|
| 901 | _aBK | ||
| 942 | _cFOLL | ||
| 949 |
_aFolleto 4082 _bBC _cFOLL _d-65503 _eTS1 _i28382 _mD _si |
||
| 999 |
_c23311 _d23311 |
||